Subdivision/Territory Flags #1 - Statistics

General Stats
  • This quiz has been taken 44 times
  • The average score is 14 of 20
Answer Stats
Picture Answer % Correct
Scotland
100%
Greenland
89%
Wales
89%
Puerto Rico
86%
Colorado
83%
Faroe Islands
77%
United States Virgin Islands
77%
Quebec
74%
Åland Islands
71%
Tibet
71%
Alaska
69%
British Virgin Islands
69%
Sicily
63%
Easter Island
60%
Northern Territory
60%
Tennessee
60%
Newfoundland and Labrador
54%
Tasmania
54%
Galapagos Islands
37%
Jalisco
23%
No matching quizzes found
Score Distribution
Percent of People with Each Score
Percentile by Number Answered
Your Score History
You have not taken this quiz